Detalles MARC
| 000 -CABECERA |
| campo de control de longitud fija |
02300nam a2200229 a 4500 |
| 001 - NÚMERO DE CONTROL |
| campo de control |
000010936 |
| 005 - FECHA Y HORA DE LA ÚLTIMA TRANSACCIÓN |
| campo de control |
20240412074221.0 |
| 008 - DATOS DE LONGITUD FIJA--INFORMACIÓN GENERAL |
| campo de control de longitud fija |
091013t1993 dr 001 p spa d |
| 040 ## - FUENTE DE LA CATALOGACIÓN |
| Centro catalogador/agencia de origen |
DO-SdBNP |
| Lengua de catalogación |
spa |
| Centro/agencia transcriptor |
BNPHU |
| 082 ## - NÚMERO DE LA CLASIFICACIÓN DECIMAL DEWEY |
| Número de clasificación |
RD861.44 |
| Número de documento/Ítem |
V732L |
| 100 1# - ENTRADA PRINCIPAL--NOMBRE DE PERSONA |
| Nombre de persona |
Villegas, Víctor, |
| Fechas asociadas al nombre |
1924- |
| 9 (RLIN) |
7800 |
| 245 13 - MENCIÓN DE TÍTULO |
| Título |
La luz en el regreso : |
| Resto del título |
antología poética / |
| Mención de responsabilidad, etc. |
Víctor Villegas ; selección y estudio de Pedro Conde. |
| 260 ## - PUBLICACIÓN, DISTRIBUCIÓN, ETC. |
| Lugar de publicación, distribución, etc. |
Santo Domingo : |
| Nombre del editor, distribuidor, etc. |
Alfa y Omega, |
| Fecha de publicación, distribución, etc. |
1993. |
| 300 ## - DESCRIPCIÓN FÍSICA |
| Extensión |
xxv, 104 p. ; |
| Dimensiones |
21 cm. |
| 500 ## - NOTA GENERAL |
| Nota general |
Incluye datos biográficos del autor en la contracubierta. |
| 505 0# - NOTA DE CONTENIDO CON FORMATO |
| Información miscelánea |
Elogio y diatriba de Víctor Villegas / |
| Mención de responsabilidad |
Pedro Conde -- |
| Título |
Itinerario del dolor -- |
| -- |
De Charlotte Amalie a Juan Criollo -- |
| -- |
La luz en el regreso-- |
| -- |
El estro de un maestro -- |
| Información miscelánea |
I.- Dialogos con Simeón (1977) : |
| Título |
En el hechizo -- |
| -- |
Martina la hija del hombre -- |
| -- |
Los desembarcaderos -- |
| -- |
Mar en sombras -- |
| Información miscelánea |
II.- Charlotte Amalie (1980) : |
| Título |
Elegía mojada por la lluvia -- |
| Información miscelánea |
III.- Juan criollo y otras antielegías (1982) : |
| Título |
Antielegía del brazero -- |
| -- |
Antielegía tierra (Rosalía )-- |
| -- |
Antielegía del recuerdo -- |
| Información miscelánea |
IV.- Botella en el mar 72 : |
| Título |
Hacia el hombre -- |
| -- |
Plenitud -- |
| -- |
Reencuentro -- |
| -- |
Vida inmortal -- |
| -- |
En mi los otros -- |
| -- |
Confluencia en el amor -- |
| -- |
Experiencia del día -- |
| -- |
Cada quien cava su tumba -- |
| -- |
Somos si deseamos -- |
| -- |
Presencia de la ausencia -- |
| -- |
Sólo la destrucción -- |
| -- |
Viviéndolo todo, a mi modo de ver -- |
| -- |
Romper el círculo -- |
| -- |
A un aludido -- |
| -- |
Transitorias, las cosas -- |
| -- |
Como naciendo aún -- |
| Información miscelánea |
V.- Poco tiempo después(1991) : |
| Título |
Se va mi traje, su algodón -- |
| -- |
Desplazando el alma-- |
| -- |
Porque nadie ha cruzado los umbrales -- |
| -- |
El tren que pasa está siempre pasando -- |
| -- |
Encima de la luz la noche -- |
| -- |
No dar solas las cosas -- |
| -- |
Vivo a mi lado -- |
| -- |
Puede la quietud tornarse -- |
| -- |
Deseo, si no miento, estar amándote -- |
| -- |
He probado ser idólatra -- |
| -- |
Ya es hora de entendernos -- |
| -- |
Desigual, con el libro en la mano -- |
| -- |
Me ajusto la camisa -- |
| -- |
Mientras más en la muerte -- |
| -- |
Limpiar a veces -- |
| -- |
Entrar a la memoria si está sola -- |
| -- |
El que salió de mí -- |
| -- |
Hablo conmigo -- |
| -- |
En mí todo es posible. |
| 590 ## - NOTA LOCAL (RLIN) |
| Nota local |
Inventariado, 2019 / DG |
| 650 #0 - PUNTO DE ACCESO ADICIONAL DE MATERIA--TÉRMINO DE MATERIA |
| Término de materia o nombre geográfico como elemento de entrada |
Poesía dominicana |
| 9 (RLIN) |
66 |
| 650 #0 - PUNTO DE ACCESO ADICIONAL DE MATERIA--TÉRMINO DE MATERIA |
| Término de materia o nombre geográfico como elemento de entrada |
Literatura dominicana. |
| 9 (RLIN) |
67 |
| 700 1# - PUNTO DE ACCESO ADICIONAL--NOMBRE DE PERSONA |
| Nombre de persona |
Conde, Pedro, |
| Versión |
comp. |
| 9 (RLIN) |
26345 |
| 910 ## - DATOS DE OPCIÓN DEL USUARIO (OCLC) |
| Datos de opción del usuario |
Validado. Control de calidad EMS. |